000
00267nam a2200109Ia 4500
008
200302s9999 xx 000 0 und d
100
_a
Reyner Banham
245
_a
The Visions of Ron Herron
260
_b
Academy Editions Group Ltd.
260
_c
1994
300
_a
128 P.,
999
_c
1163
_d
1163